Spell the Marvel Character #294 - Statistics

General Stats
  • This quiz has been taken 13 times
  • The average score is 4 of 6
Answer Stats
Picture Answer % Correct
Invisible Woman
100%
Ironheart
91%
Nova
91%
Nikki
64%
Krugarr
55%
Killraven
36%
No matching quizzes found
Score Distribution
Percent of People with Each Score
Percentile by Number Answered
Your Score History
You have not taken this quiz